| 000 | 00417nam a2200181Ia 4500 | ||
|---|---|---|---|
| 001 | 2667 | ||
| 005 | 20260306144823.0 | ||
| 008 | 260306t1997||||xx |||||||||||||| ||spa|| | ||
| 041 | _aESP | ||
| 082 |
_a201.1 _bM26 CEPC |
||
| 100 |
_aMarías, Julián _eAUT |
||
| 245 | 0 | _aSobre el cristianismo | |
| 260 | _c1997 | ||
| 300 |
_a237 páginas : _c21 cm. |
||
| 650 | _aGEN | ||
| 654 | _aCHU | ||
| 942 |
_cLIB _dJUS _fJUS _2ddc _n |
||
| 999 |
_c2667 _d2667 |
||